000 00249nam a2200109Ia 4500
008 231011s9999 xx 000 0 und d
041 _aeng
100 _aKharidehal V.Rao
245 _aManagement Science
260 _bM.G.H Bombay -
365 _b162
999 _c884133
_d884133